| 000 | 02153nam a2200313Ia 4500 | ||
|---|---|---|---|
| 003 | OSt | ||
| 005 | 20210908162034.0 | ||
| 008 | 210310s1988 ck ad fr 000 0 spa d | ||
| 020 | _a9586011461 | ||
| 040 |
_aCO-JMCR _cCO-JMCR |
||
| 041 | 0 | _aspa | |
| 082 | 0 | 4 |
_a339.986 / _bL865l _223 |
| 100 | 1 |
_aLora, Eduardo, _917534 _eeditor |
|
| 245 | 1 | 0 |
_aLectura de macroeconomía colombiana / _cEduardo Lora ; José Antonio Ocampo, Juan Luis Londoño, Leonardo Villar [y otros 3] |
| 250 | _aPrimera edición | ||
| 260 |
_aBogotá : _bTercer Mundo Editores, _c1988 |
||
| 300 |
_a374 páginas : _bilustraciones y gráficas a blanco y negro ; _c21 cm. |
||
| 490 | 0 | _aEconomía | |
| 500 | _aIncluye notas a pie de página. | ||
| 504 | _aBibliografía la final de cada capítulo. | ||
| 505 | 0 | _aComportamiento del ahorro y la inversión: evolución histórica y determinantes -- Estructura económica, políticas de ajuste y distribución del ingreso: la experiencia de los ochentas -- El papel macroeconómico del mercado de alimentos: un modelo de equilibrio general -- Dualismo y desequilibrio intersectorial: un modelo econométrico -- Rigidez de precios y mecanismos de racionamiento: regímenes alternativos -- Macroeconomía del sistema bancario: un modelo aplicado a Colombia | |
| 520 | 3 | _aLas seis investigaciones que componen este libro persiguen como objetivo entender los mecanismos de comportamiento de la economía colombiana, teniendo en cuenta sus particularidades institucionales e históricas. Los temas centrales de estudio son: Los proceso de ahorro e inversión, la interacción entre los sectores rurales y urbanos, la relación entre crecimiento e inflación, los efectos distributivos de las políticas de ajuste macroeconómico, la adaptación de la economía a situaciones de desequilibrio, el comportamiento del sistema financiero colombiano. | |
| 650 | 1 | 4 |
_aMacroeconomía _917536 _xColecciones de escritos |
| 651 | 4 |
_aColombia _xPolítica económica _96872 |
|
| 700 | 1 |
_aOcampo, José Antonio, _eautor _96129 |
|
| 700 | 1 |
_aLondoño, Juan Luis, _eautor _94547 |
|
| 700 | 1 |
_aVillar, Leonardo, _eautor _97095 |
|
| 942 |
_2ddc _cBK |
||
| 999 |
_c8528 _d8528 |
||